Avanç de la memòria 1993 : resum / OACME (Organisme Autònom Conjunt Monumental d'Empúries) resum / OACME (Organisme Autònom Conjunt Monumental d'Empúries)
Descripción Física:
[30] f. ; 30 cm
MARC
| LEADER | 00000nam a2200000Ia 4500 | ||
|---|---|---|---|
| 001 | 15133 | ||
| 008 | 160829s1993 xx 000 0 cat d | ||
| 080 | |a FU-34-23 | ||
| 110 | 2 | |a Conjunt Monumental d'Empúries |9 54669 | |
| 245 | |a Avanç de la memòria 1993 : |b resum / OACME (Organisme Autònom Conjunt Monumental d'Empúries) | ||
| 260 | |a [Empúries, l'Escala : |b OACME], |c 1993 | ||
| 300 | |a [30] f. ; |c 30 cm | ||
| 650 | |a Conjunt Monumental d'Empúries |x Memòries |9 27464 | ||
| 901 | |a Arxiu | ||
| 942 | |n 1 | ||
| 952 | |0 0 |1 0 |4 0 |6 FU3423 |7 1 |9 44399 |a Arxiu |b Arxiu |d 2016-12-01 |l 0 |o FU-34-23 |p 15133 |r 2016-12-01 00:00:00 |w 2016-12-01 |y ARXIU | ||
| 999 | |c 46980 |d 46980 | ||